000 00349 a2200157 4500
001 56518
020 _a8516035387
040 _cAnchieta - Pituba
100 _aLeite, Maristela Pretili de Almeida
240 1 0 _aO jogo da vida
_lpor
245 1 0 _aO jogo da vida
300 _a160
362 0 _a2003
650 4 _aLiteratura juvenil
942 _cBK
999 _c56518
_d56518